[Event "Douglas IoM Minor op"]
[Site "Douglas"]
[Date "2017.09.28"]
[Round "4"]
[White "Birkisdottir, Freyja"]
[Black "Kent, Paul"]
[Result "1/2-1/2"]
[WhiteElo "1332"]
[BlackElo "1633"]
[PlyCount "36"]
[EventDate "2017.09.25"]
[EventType "swiss"]
[EventRounds "7"]
[EventCountry "IOM"]
[SourceTitle "EXT 2019"]
[Source "ChessBase"]
[SourceDate "2018.10.10"]
[SourceVersion "1"]
[SourceVersionDate "2018.10.10"]
[SourceQuality "1"]

1. e4 d5 2. exd5 Qxd5 3. Nc3 Qe6+ 4. Be2 g6 5. Nf3 Bg7 6. 0-0 Nf6 7. Re1 0-0 8. Rb1 c6 9. b3 Nbd7 10. a4 Nb6 11. Ba3 Re8 12. Bc4 Qf5 13. Bxe7 Nxc4 14. bxc4 Qd7 15. Bxf6 Bxf6 16. Rxe8+ Qxe8 17. Qe2 Qxe2 18. Nxe2 c5 1/2-1/2

[Event "ISL-ch (Women)"]
[Site "Reykjavik"]
[Date "2017.08.27"]
[Round "5"]
[White "Ptacnikova, Lenka"]
[Black "Birkisdottir, Freyja"]
[Result "1-0"]
[WhiteElo "2212"]
[BlackElo "1325"]
[PlyCount "77"]
[EventDate "2017.08.25"]
[EventType "swiss"]
[EventRounds "5"]
[EventCountry "ISL"]
[SourceTitle "CBM 180 Extra"]
[Source "ChessBase"]
[SourceDate "2017.10.06"]
[SourceVersion "1"]
[SourceVersionDate "2017.10.06"]
[SourceQuality "1"]

1. Nf3 c5 2. e3 e6 3. d4 Nc6 4. c3 a6 5. Bd3 b5 6. 0-0 Bb7 7. Nbd2 Nf6 8. Qe2 Be7 9. dxc5 Bxc5 10. b4 Bb6 11. a4 bxa4 12. Rxa4 a5 13. b5 Ne7 14. e4 0-0 15. c4 d6 16. Nb3 e5 17. Bd2 Ra7 18. c5 dxc5 19. Nxe5 Qa8 20. Nc4 Nc8 21. f3 Re8 22. Qf2 Rd8 23. Bc2 Ne8 24. Bc3 Qb8 25. Nxb6 Nxb6 26. Rxa5 Na4 27. Rxa7 Qxa7 28. Ra1 Ra8 29. Nd2 Qb6 30. Bxa4 Nc7 31. Nc4 Qg6 32. Qg3 Qxg3 33. hxg3 Ne6 34. Nd6 Bc8 35. b6 Rb8 36. Nxc8 Rxc8 37. b7 Rb8 38. Bc6 Nd8 39. Be5 1-0

[Event "EU-ch U10 Girls 26th"]
[Site "Prague"]
[Date "2016.08.25"]
[Round "7"]
[White "Chachiachvili, Salome"]
[Black "Birkisdottir, Freyja"]
[Result "0-1"]
[WhiteElo "1391"]
[BlackElo "1176"]
[PlyCount "120"]
[EventDate "2016.08.18"]
[EventType "swiss"]
[EventRounds "9"]
[EventCountry "CZE"]
[SourceTitle "CBM 174 Extra"]
[Source "ChessBase"]
[SourceDate "2016.10.10"]
[SourceVersion "1"]
[SourceVersionDate "2016.10.10"]
[SourceQuality "1"]

1. e4 c5 2. Nc3 e6 3. f4 Nc6 4. Nf3 Qc7 5. d4 cxd4 6. Nxd4 a6 7. a4 d6 8. Nf3 Nf6 9. g3 g6 10. Bg2 Bg7 11. 0-0 Qb6+ 12. Kh1 0-0 13. Qxd6 Rd8 14. Qa3 Bf8 15. Qb3 Qxb3 16. cxb3 Na5 17. b4 Bxb4 18. Na2 Nb3 19. Rb1 Nxc1 20. Rbxc1 Be7 21. Rfe1 Ng4 22. Kg1 b6 23. h3 Nf6 24. e5 Nd5 25. Nd4 Bc5 26. Rcd1 Rb8 27. Kh2 Bb7 28. Nc2 Ba8 29. b4 Bf2 30. Re2 Nxf4 31. Rxd8+ Rxd8 32. Rxf2 Nxg2 33. Nc3 Rd3 34. Rxg2 Bxg2 35. Kxg2 Rxc3 36. Nd4 Rc4 37. Ne2 Rxb4 38. Nc3 Rb2+ 39. Kf1 Rb3 40. Ne4 b5 41. Nc5 Rxg3 42. Nxa6 bxa4 43. Nb4 Rxh3 44. Ke2 a3 45. Kd1 Rh2 46. Nc2 a2 47. Kc1 Rxc2+ 48. Kxc2 a1Q 49. Kd3 Qxe5 50. Kd2 Qg3 51. Ke2 Kg7 52. Kd2 Kf6 53. Ke2 Ke5 54. Kd2 Qf3 55. Kc2 Qe3 56. Kb2 Qd3 57. Kc1 Qe2 58. Kb1 Kd4 59. Ka1 Kc3 60. Kb1 Qb2# 0-1

[Event "Nordic-ch U13 Girls"]
[Site "Alta"]
[Date "2016.05.01"]
[Round "5"]
[White "Ng, Agnes"]
[Black "Birkisdottir, Freyja"]
[Result "1/2-1/2"]
[WhiteElo "1428"]
[BlackElo "1158"]
[PlyCount "67"]
[EventDate "2016.04.29"]
[EventType "swiss"]
[EventRounds "5"]
[EventCountry "NOR"]
[SourceTitle "EXT 2024"]
[Source "ChessBase"]
[SourceDate "2023.10.10"]
[SourceVersion "1"]
[SourceVersionDate "2023.10.10"]
[SourceQuality "1"]

1. e4 c5 2. d4 cxd4 3. c3 dxc3 4. Nxc3 Nc6 5. Bc4 e6 6. Nf3 Nf6 7. 0-0 Bb4 8. Qe2 0-0 9. Bg5 Be7 10. Rfd1 b6 11. e5 Ng4 12. Bxe7 Qxe7 13. Qe4 Nh6 14. Bd3 g6 15. Qf4 Kg7 16. Rac1 Bb7 17. Qd2 d6 18. exd6 Qxd6 19. Nb5 Qe7 20. Qc3+ Kg8 21. Be4 Nd8 22. Bxb7 Nxb7 23. Qe3 Nf5 24. Qe1 Nc5 25. b4 Na6 26. a3 Rfd8 27. a4 Nh4 28. Nxh4 Qxh4 29. Qe2 Rxd1+ 30. Rxd1 Qe7 31. Qf3 Rc8 32. Qe2 Rf8 33. Nd4 Nb8 34. Nb5 1/2-1/2

[Event "Nordic-ch U13 Girls"]
[Site "Alta"]
[Date "2016.04.29"]
[Round "1"]
[White "Birkisdottir, Freyja"]
[Black "Van den Brink, Nienke"]
[Result "0-1"]
[WhiteElo "1158"]
[BlackElo "1597"]
[PlyCount "148"]
[EventDate "2016.04.29"]
[EventType "swiss"]
[EventRounds "5"]
[EventCountry "NOR"]
[SourceTitle "EXT 2024"]
[Source "ChessBase"]
[SourceDate "2023.10.10"]
[SourceVersion "1"]
[SourceVersionDate "2023.10.10"]
[SourceQuality "1"]

1. e4 c5 2. Nf3 Nc6 3. d4 cxd4 4. Nxd4 g6 5. Nxc6 bxc6 6. Bc4 Bg7 7. 0-0 e6 8. c3 Nf6 9. Bg5 h6 10. Bxf6 Bxf6 11. Re1 0-0 12. Nd2 d5 13. e5 Bg7 14. Bb3 Qc7 15. Nf3 c5 16. Rc1 Rb8 17. Qd2 Rd8 18. Rcd1 Bd7 19. Rb1 Rb6 20. h3 Rdb8 21. Bd1 Qb7 22. b3 a5 23. Bc2 Qc7 24. Rbd1 a4 25. c4 d4 26. Qa5 axb3 27. Bxb3 R6b7 28. Qxc7 Rxc7 29. Rb1 Rcb7 30. Bc2 Rxb1 31. Rxb1 Rxb1+ 32. Bxb1 Bc6 33. a3 Ba4 34. Kf1 h5 35. Ke2 Bh6 36. Kd3 Bc1 37. Nd2 Bxa3 38. Ke2 Bc6 39. f3 Kf8 40. Kf2 Ke7 41. g4 h4 42. f4 Bc1 43. Ne4 Bxe4 44. Bxe4 Bxf4 45. Ke2 Bxe5 46. Kd3 f5 47. gxf5 exf5 48. Bd5 g5 49. Ke2 g4 50. hxg4 fxg4 51. Kf2 Kf6 52. Bc6 Kg5 53. Bd7 h3 54. Kg1 h2+ 55. Kh1 g3 56. Bc6 Kf4 57. Kg2 d3 58. Ba4 Ke3 59. Bd1 Kd2 60. Bf3 Ke1 61. Kh1 d2 62. Kg2 d1Q 63. Bxd1 Kxd1 64. Kh1 Kd2 65. Kg2 Kd3 66. Kh1 Kxc4 67. Kg2 Kd3 68. Kh1 c4 69. Kg2 c3 70. Kh1 c2 71. Kg2 c1Q 72. Kh3 Ke4 73. Kh4 h1R+ 74. Kg4 Qf4# 0-1

[Event "Reykjavik op"]
[Site "Reykjavik"]
[Date "2016.03.10"]
[Round "4"]
[White "Steingrimsson, Karl Egill"]
[Black "Birkisdottir, Freyja"]
[Result "1-0"]
[WhiteElo "1693"]
[BlackElo "1246"]
[PlyCount "99"]
[EventDate "2016.03.08"]
[EventType "swiss"]
[EventRounds "10"]
[EventCountry "ISL"]
[SourceTitle "CBM 171 Extra"]
[Source "ChessBase"]
[SourceDate "2016.04.26"]
[SourceVersion "1"]
[SourceVersionDate "2016.04.26"]
[SourceQuality "1"]

1. e4 c5 2. b3 Nc6 3. Bb2 e6 4. g3 a6 5. Bg2 Qc7 6. Nf3 Nf6 7. Bxf6 gxf6 8. 0-0 Bg7 9. c3 d5 10. exd5 exd5 11. Re1+ Be6 12. Na3 0-0-0 13. Nc2 Kb8 14. d4 cxd4 15. cxd4 Rde8 16. a4 Bf5 17. Ne3 Be4 18. Rc1 Qd7 19. Nh4 Bxg2 20. Nhxg2 f5 21. Rc5 Ne7 22. Nf4 b6 23. Rc2 Bh6 24. Qf3 Nc6 25. Rd1 Bxf4 26. Qxf4+ Ka8 27. Nxf5 Re6 28. Ne3 Re4 29. Qf6 Rc8 30. Rdc1 Re6 31. Qf5 h6 32. Qxd5 Rd6 33. Qg2 Kb7 34. d5 Na7 35. Rxc8 Nxc8 36. Qf3 f6 37. Rc4 Ne7 38. Rd4 Qc7 39. Nc4 Rd7 40. d6+ Qc6 41. Qxf6 Ng8 42. Qf4 Rd8 43. Ne5 Qc3 44. Qe4+ Kb8 45. Nc6+ Kc8 46. Nxd8 Kxd8 47. Rc4 Qa1+ 48. Kg2 Qh8 49. Qe6 Ne7 50. Qxe7# 1-0